header

A new guide to Italian cinema (Record no. 246959)

MARC details
000 -LEADER
fixed length control field 01562nam a22004094a 4500
082 04 - DEWEY DECIMAL CLASSIFICATION NUMBER
Classification number 791.430945
100 1# - MAIN ENTRY--AUTHOR NAME
Personal name Celli, Carlo,
245 12 - TITLE STATEMENT
Title A new guide to Italian cinema
250 ## - EDITION STATEMENT
Edition statement 1st ed.
260 ## - PUBLICATION, DISTRIBUTION, ETC. (IMPRINT)
Place of publication New York :
Name of publisher Palgrave Macmillan,
Year of publication 2007.
300 ## - PHYSICAL DESCRIPTION
Number of Pages xiv, 234 p. :
Other physical details ill.
490 1# - SERIES STATEMENT
Series statement Italian and Italian American studies
650 #0 - SUBJECT ADDED ENTRY--TOPICAL TERM
Topical Term Motion pictures
700 1# - ADDED ENTRY--PERSONAL NAME
Personal name Cottino-Jones, Marga.
856 40 - ELECTRONIC LOCATION AND ACCESS
Uniform Resource Identifier http://site.ebrary.com/lib/rucke/Doc?id=10167438

No items available.

© 2026 Rongo University
Contact us: librarian | system librarian | Rongo university